Немецко-русский и русско-немецкий словарь: около 11 000 слов

ग्रंथसूची विवरण
मुख्य लेखक: Кузьмина И. А. Ирина Анатольевна
अन्य लेखक: Кузавлев В. Е. Валерий Евгеньевич
भाषा:जर्मन
रूसी
प्रकाशित: Москва, Русский язык, 2001
संस्करण:5-е изд., стереотип.
विषय:
स्वरूप: पुस्तक
KOHA link:https://koha.lib.tpu.ru/cgi-bin/koha/opac-detail.pl?biblionumber=30789

MARC

LEADER 00000nam0a2200000 4500
001 30789
005 20231030204135.0
010 |a 5200029732 
035 |a (RuTPU)RU\TPU\book\31064 
035 |a BOOK00031141 
090 |a 30789 
100 |a 20011209d2001 m y0rusy50 ca 
101 0 |a ger  |a rus 
102 |a RU 
105 |a y e 000zy 
200 1 |a Немецко-русский и русско-немецкий словарь  |e около 11 000 слов  |f И. А. Кузьмина, В. Е. Кузавлев  |d Deutsch- Russisches und Russisch- Deutsches Worterbuch 
205 |a 5-е изд., стереотип. 
210 |a Москва  |c Русский язык  |d 2001 
215 |a 560 с. 
510 1 |a Deutsch- Russisches und Russisch- Deutsches Worterbuch 
610 1 |a немецкий язык 
610 1 |a параллельные словари 
610 1 |a словари 
610 1 |a лексика 
686 |a Ш143.24-48  |v LBC/SL-A  |2 rubbk 
700 1 |a Кузьмина  |b И. А.  |g Ирина Анатольевна 
701 1 |a Кузавлев  |b В. Е.  |g Валерий Евгеньевич 
801 0 |a RU  |b 63413507  |c 20011209  |g PSBO 
801 2 |a RU  |b 63413507  |c 20110916  |g PSBO 
942 |c BK